[Event "Roncana op-C 11th"]
[Site "Santa Eulalia de Roncana"]
[Date "2017.09.30"]
[Round "2.6"]
[White "Lasanta Zambrana, Miguel Angel"]
[Black "Lambert Pont, Michael"]
[Result "1-0"]
[WhiteElo "1667"]
[BlackElo "1406"]
[PlyCount "163"]
[EventDate "2017.09.23"]
[EventType "swiss"]
[EventRounds "8"]
[EventCountry "ESP"]
[SourceTitle "EXT 2024"]
[Source "ChessBase"]
[SourceDate "2023.10.10"]
[SourceVersion "1"]
[SourceVersionDate "2023.10.10"]
[SourceQuality "1"]

1. e4 e6 2. d4 Nf6 3. Nc3 d5 4. exd5 exd5 5. Nf3 Be6 6. Bg5 Nbd7 7. Bd3 Bd6 8. h3 h6 9. Bh4 Qe7 10. Qe2 0-0 11. 0-0-0 Rfe8 12. Rhe1 c5 13. Bb5 a6 14. Bxd7 Bxd7 15. Qxe7 Bxe7 16. Ne5 g5 17. Bg3 Bd6 18. Nxd7 Nxd7 19. Bxd6 Red8 20. Bg3 Nf6 21. h4 cxd4 22. Rxd4 b5 23. Be5 Nh5 24. Nxd5 f6 25. Nxf6+ Nxf6 26. Bxf6 Rxd4 27. Bxd4 Rd8 28. Rd1 Kf7 29. hxg5 hxg5 30. Be3 Rg8 31. f4 gxf4 32. Rf1 Ke6 33. Bxf4 Rxg2 34. Re1+ Kd5 35. Be3 Kc4 36. Kd1 b4 37. Re2 Rg8 38. Bd2 Rd8 39. Kc1 Rg8 40. b3+ Kb5 41. Re5+ Kb6 42. Bxb4 Rg4 43. a3 Rg1+ 44. Kd2 Rg2+ 45. Ke3 Rxc2 46. Ba5+ Kc6 47. Kd4 Kb7 48. Re6 Rc8 49. Kd5 Ka7 50. Kd6 Kb7 51. Re7+ Ka8 52. Rc7 Rd8+ 53. Ke7 Rd3 54. Rc3 Rd5 55. b4 Rb5 56. a4 Rb7+ 57. Rc7 Rxc7+ 58. Bxc7 Kb7 59. Kd6 Ka7 60. Kc5 Kb7 61. Ba5 Ka7 62. b5 Kb7 63. b6 Kb8 64. Bc3 Kb7 65. Bd4 a5 66. Kb5 Kc8 67. Be5 Kb7 68. Kxa5 Ka8 69. Bd4 Kb7 70. Be3 Ka8 71. Ka6 Kb8 72. b7 Kc7 73. Ka7 Kc6 74. b8Q Kd5 75. Qb6 Kc4 76. Qa5 Kb3 77. Qc5 Kb2 78. Qc4 Ka3 79. Qb5 Ka2 80. Qb4 Ka1 81. Bd4+ Ka2 82. Qb2# 1-0